00325nam a22001097a 4500008004100000020001800041100002100059245004300080250001400123260004500137650003300182200318b ||||| |||| 00| 0 eng d a9789388902755 a Chaurasia, B.D. aChaurasia Human Anatomy (Heat and Net) a8thb2019 aNew DelhibCBS Publishers & Distributors aHuman Anatomy and Physiology